| 000 | 01560nam0a22003131 4500 | ||
|---|---|---|---|
| 001 | v19\rc\2090975 | ||
| 005 | 20230407123030.0 | ||
| 035 | _a(NLR Aleph) 005161073 | ||
| 090 |
_a4987073 _c4987073 |
||
| 100 | _a20081218d1914 |||y0rusy50 ca | ||
| 101 | 0 | _arus | |
| 102 | _aRU | ||
| 105 | _aa z ||||| | ||
| 200 | 1 |
_aЗемлетрясение в северных цепях Тянь-Шаня 22 декабря 1910 г. (4 января 1911 г.) _eС 8 табл. карт. и план., 24 табл. рис. и 30 фиг. в тексте _fК.И. Богданович, И.М. Карк, Б.Я. Корольков и Д.И. Мушкетов |
|
| 210 |
_a[Санкт-Петербург] _cтип. М.М. Стасюлевича _d1914 |
||
| 215 |
_aIV, 270 с., 24 л. ил. _cил., черт. _d33 |
||
| 225 | 1 |
_aТруды Геологической комиссии _iНовая серия _vВып. 89 |
|
| 300 | _aТит. л. и обл. на рус. и фр. яз.; резюме на фр. яз. | ||
| 532 | 1 | 1 | _aЗемлетрясение в северных цепях Тянь-Шаня двадцать второго декабря 1910 г. (4 января 1911 г.) |
| 702 | 1 |
_aБогданович _bК. И. _4220 |
|
| 702 | 1 |
_aКарк _bИ. М. _gИван Михайлович _4220 |
|
| 702 | 1 |
_aКорольков _bБ. Я. _4220 |
|
| 702 | 1 |
_aМушкетов _bД. И. _gДмитрий Иванович _4220 |
|
| 801 | 0 |
_aRU _bNLR _gpsbo |
|
| 801 | 1 |
_aRU _bProSoft-M _2rusmarc |
|
| 852 |
_aNLR _jП8/184 |
||
| 942 | _cBOOK | ||
| 980 | _aNB | ||